Falling Asleep on a Stranger - Pierce the Veil lyrics - Statistics

General Stats
  • This quiz has been taken 21 times
  • The average score is 99 of 167
Answer Stats
% Correct
I
100%
(I
100%
you
100%
you,
100%
You
100%
a
83%
And
83%
and
83%
(and
83%
I’m
83%
it
83%
It
83%
on
83%
To
83%
to
83%
Fall
75%
for
75%
know,
75%
know
75%
of
75%
the
75%
your
75%
all
67%
asleep
67%
cold
67%
end,
67%
let
67%
love
67%
me
67%
that
67%
was
67%
Well
67%
Well,
67%
won’t
67%
anymore
58%
But
58%
go
58%
He
58%
more
58%
more)
58%
my
58%
She
58%
Black
50%
constellations
50%
first
50%
ghost
50%
her
50%
it’s
50%
never
50%
oh
50%
oh,
50%
take
50%
under
50%
alone
42%
chase
42%
don’t
42%
found
42%
gold
42%
leave
42%
out
42%
Pull
42%
soul’s
42%
they
42%
throat
42%
top
42%
back
33%
care)
33%
Come
33%
heart
33%
him
33%
Lost
33%
note
33%
say,
33%
yeah
33%
face,
25%
game,
25%
play
25%
shade
25%
shade,
25%
tonight,
25%
tonight
25%
under-lacing
25%
No matching quizzes found
Score Distribution
Percent of People with Each Score
Percentile by Number Answered
Your Score History
You have not taken this quiz